| 000 | 00781nam a2200229Ia 4500 | ||
|---|---|---|---|
| 001 | 757 | ||
| 003 | GE_BSU | ||
| 008 | 181216s||||||||xx |||||||||||||| ||und|| | ||
| 040 | _cGE_BSU | ||
| 080 | _a616.9(075.8) | ||
| 100 | _aბოცვაძე,ე. | ||
| 245 | _aინფექციური დაავადებები. | ||
| 245 | _bსახელმძღვანელო უმაღლეს სამედიცინო სასწ. სტუდ–ს | ||
| 245 | _cრედ.თ.კაციტაძე | ||
| 260 | _aთბილისი | ||
| 260 | _bშპს"კაბადონი | ||
| 260 | _c2000 | ||
| 300 | _a584გვ. | ||
| 541 | _h40ლ. | ||
| 653 | _aინფექციური დაავადებები. | ||
| 942 | _cBK | ||
| 999 |
_c34929 _d34929 |
||